000 00942cab a22001935a 4500
001 L139565
008 070730e20070711xxkd f 000 0 eng d
035 _a(Sirsi) u139565
041 0 _aeng
100 1 _aWatson, Kathy
245 0 4 _aThe North East
_bheaven or hell?
260 _c2007
490 0 _aContract Journal
_v439(6633) 11 July 2007, 15-17(3)
520 _aHighlights the challenges facing national and local contractors in northeast England and provides an overview of the region's construction market. Reports that growth in construction output in northeast England during 2007 will be around 5%, mainly due to a buoyant commercial sector. Over the five years to 2011, growth in output will remain steady at 5.4%, but below the UK average. Employment is forecast to increase at a rate of 4% over this period.
590 _aKA
651 4 _aNortheast England
690 _aBUILT ENVIRONMENT-CONSTRUCTION MARKET
942 _n0
999 _c79053
_d79053